| 000 | 01440cam a22001934a 4500 | ||
|---|---|---|---|
| 005 | 20250605163931.0 | ||
| 008 | 250528s ||||||||||||||||||||||||d | ||
| 035 | _a14690 | ||
| 020 | _a9600107009 | ||
| 040 |
_aGR-AtMCL _bgre _dGR-AtMCL _eAACR2 |
||
| 245 | 1 | _aΝους στην Κοινωνία / Η Ανάπτυξη των Ανώτερων Ψυχολογικών Διαδικασιών | |
| 260 |
_bGutenberg, _c1997 |
||
| 300 | _a232 | ||
| 520 | _aΠρόλογος, Εισαγωγή, Βασική Θεωρία και Δεδομένα, Εργαλείο και Σύμβολο στην Ανάπτυξη του Παιδιού, Η Ανάπτυξη της Αντίληψης και της Προσοχής, Η Κατάκτηση της Μνήμης και της Σκέψης, Εσωτερίκευση των Ανώτερων Ψυχολογικών Λειτουργιών, Προβλήματα Μεθοδολογίας, Εκπαιδευτικές Συνέπειες, Αλληλεπίδραση Ανάμεσα στη Μάθηση και την Ανάπτυξη, Ο Ρόλος του Παιχνιδιού στη Ανάπτυξη, Η Προϊστορία της Γραπτής Γλώσσας, Vera John-Steiner και Ellen Souberman, Βιογραφικές Πληροφορίες για τον L.S. Vygotsky, Αγγλοελληνικό Γλωσσάρι. | ||
| 700 | 1 |
_aVygotsky L.S _9433 |
|
| 942 | _cBK | ||
| 999 |
_c311 _d311 |
||